First Names of Turkish Political Figures - Statistics

General Stats
  • This quiz has been taken 105 times
  • The average score is 28 of 45
Answer Stats
Surname First Name % Correct
Atatürk Mustafa Kemal
99%
İnönü Mustafa İsmet
91%
Erdoğan Recep Tayyip
90%
Kılıçdaroğlu Kemal
86%
Menderes Ali Adnan
83%
Evren Ahmet Kenan
82%
Demirel Süleyman Sami
81%
Gül Abdullah
80%
Bayar Mahmut Celalettin (Celal)
80%
Ecevit Mustafa Bülent
80%
Çiller Tansu
80%
İnce Muharrem
76%
Erbakan Necmettin
76%
Türkeş Alparslan
75%
Soylu Süleyman
75%
Davutoğlu Ahmet
72%
Bahçeli Devlet
72%
Akşener Meral
70%
Karabekir Musa Kâzım
70%
Babacan Ali
69%
Özal Halil Turgut
68%
Gürsel Cemal
67%
Yazıcıoğlu Muhsin
67%
Arınç Bülent
65%
Korutürk Esseyit Hasan Fahri
65%
Sezer Ahmet Necdet
63%
İnönü (son of the above) Erdal
63%
Çavuşoğlu Mevlüt
63%
Baykal Deniz
61%
Akar Hulusi
60%
Yılmaz Ahmet Mesut
56%
Saraçoğlu Şükrü
55%
Çakmak Mustafa Fevzi
52%
Cebesoy Ali Fuat
50%
Yıldırım Binali
48%
Köprülü Mehmet Fuat
45%
Bele İbrahim Refet
44%
Okyar Ali Fethi
41%
Saydam İbrahim Refik
34%
Adıvar Abdülhak Adnan
30%
Ersoy Mehmet Akif
30%
Şener Abdüllatif
28%
Koraltan Bekir Refik
27%
Peker Mehmet Recep
25%
Zorlu Fatin Rüştü
20%
No matching quizzes found
Score Distribution
Percent of People with Each Score
Percentile by Number Answered
Your Score History
You have not taken this quiz